Drapeaux du Monde avec l'Union Jack (dans le quart supérieur gauche) - Statistiques

Statistiques générales
  • Ce quiz a été pris 105 fois
  • Le résultat moyen est 11 sur 28
Statistiques - réponses
Par images Réponse % Correct
Australie
96%
Nouvelle-Zélande
94%
Fidji
91%
Tuvalu
83%
Îles Cook
65%
Niue
63%
Bermudes
61%
Anguilla
48%
Hawaï
48%
Îles Malouines
48%
Îles Vierges britanniques
48%
Montserrat
46%
Sainte-Hélène
39%
Îles Caïmans
35%
Îles Turques-et-Caïques
35%
Territoire britannique de l'océan Indien
28%
Îles Pitcairn
22%
Île de l'Ascension
19%
Géorgie du Sud-et-les îles Sandwich du Sud
13%
Nouvelle-Galles du Sud
11%
Queensland
11%
Manitoba
9%
Ontario
9%
Victoria
9%
Australie-Occidentale
7%
Tasmanie
7%
Australie-Méridionale
6%
Archipel Tristan da Cunha
2%
Aucun quiz correspondant
Distribution des résultats
% des personnes avec chaque résultat
Percentile par nombre de réponses
Votre historique - résultats
Vous n’avez pas pris ce quiz